[Event "IRI-ch U14"]
[Site "Chess.com INT"]
[Date "2021.01.16"]
[Round "3"]
[White "Arabi, Hirad"]
[Black "Adibfar, Mohamad Ilia"]
[Result "1-0"]
[WhiteElo "1314"]
[BlackElo "1113"]
[PlyCount "65"]
[EventDate "2021.01.16"]
[EventType "swiss"]
[EventRounds "11"]
[EventCountry "IRI"]
[SourceTitle "EXT 2022"]
[Source "ChessBase"]
[SourceDate "2021.10.06"]
[SourceVersion "1"]
[SourceVersionDate "2021.10.06"]
[SourceQuality "1"]

1. d4 f5 2. e4 e6 3. Nc3 Nf6 4. Bg5 h6 5. Bxf6 Qxf6 6. e5 Qg6 7. Nf3 Nc6 8. d5 Nb8 9. Nh4 Qf7 10. Be2 h5 11. dxe6 dxe6 12. Qd2 Bb4 13. 0-0-0 Bd7 14. a3 Bxc3 15. Qxc3 Nc6 16. f4 0-0 17. Qg3 Kh7 18. Bxh5 Qxh5 19. Rxd7 Rf7 20. Rhd1 Rxd7 21. Rxd7 Rg8 22. Nf3 Kh8 23. Qh4 g6 24. Qxh5+ gxh5 25. Ng5 Rd8 26. Nf7+ Kg8 27. Nxd8 Nxd8 28. Rxd8+ Kf7 29. Rd7+ Ke8 30. Rxc7 Kd8 31. Rxb7 Kc8 32. Rxa7 Kb8 33. Re7 1-0

[Event "IRI-ch U14"]
[Site "Chess.com INT"]
[Date "2021.01.16"]
[Round "8"]
[White "Rahimi, Hossein"]
[Black "Arabi, Hirad"]
[Result "0-1"]
[WhiteElo "1027"]
[BlackElo "1314"]
[PlyCount "68"]
[EventDate "2021.01.16"]
[EventType "swiss"]
[EventRounds "11"]
[EventCountry "IRI"]
[SourceTitle "EXT 2022"]
[Source "ChessBase"]
[SourceDate "2021.10.06"]
[SourceVersion "1"]
[SourceVersionDate "2021.10.06"]
[SourceQuality "1"]

1. Nf3 Nf6 2. e3 e6 3. d4 b6 4. b3 Bb7 5. Bb2 c5 6. c4 Be7 7. Be2 0-0 8. 0-0 cxd4 9. Nxd4 Nc6 10. Bf3 d5 11. Nc3 a6 12. Nc2 Ne5 13. Be2 dxc4 14. Na4 Nd3 15. Bxd3 cxd3 16. Na3 b5 17. Bxf6 gxf6 18. Nb2 Bxa3 19. Nxd3 Kh8 20. b4 Be4 21. Qb3 Bxd3 22. Rfd1 Bxb4 23. Qxb4 Qd5 24. Qc3 Rad8 25. Qxf6+ Kg8 26. g4 Qe4 27. h3 Qg6 28. Qe7 f5 29. Kh1 fxg4 30. hxg4 Qe4+ 31. Kg1 Qxg4+ 32. Kh1 Qf3+ 33. Kg1 Qxf2+ 34. Kh1 Be4# 0-1